[Event "UGA-ch"]
[Site "Kampala"]
[Date "2011.12.06"]
[Round "4"]
[White "Nyakana, Benjamin"]
[Black "Muwanga, Patrick"]
[Result "0-1"]
[WhiteElo "1950"]
[BlackElo "1950"]
[PlyCount "58"]
[EventDate "2011.12.05"]
[EventType "swiss"]
[EventRounds "10"]
[EventCountry "UGA"]
[SourceTitle "EXT 2013"]
[Source "ChessBase"]
[SourceDate "2012.11.22"]
[SourceVersion "1"]
[SourceVersionDate "2012.11.22"]
[SourceQuality "1"]

1. e4 e5 2. Nf3 Nc6 3. Bc4 Nf6 4. 0-0 Be7 5. Nc3 d6 6. d4 Bg4 7. h3 Bxf3 8. Qxf3 Nxd4 9. Qd1 0-0 10. Be3 c5 11. Nd5 b5 12. Nxf6+ Bxf6 13. Bd5 Rb8 14. c3 Ne6 15. Qg4 Qe7 16. Rad1 Nc7 17. Bb3 Rfd8 18. Bc2 d5 19. f4 d4 20. cxd4 cxd4 21. Bc1 a5 22. Rf3 a4 23. Bd3 Qe6 24. Qxe6 Nxe6 25. Bxb5 Rxb5 26. Rff1 Nxf4 27. Bxf4 exf4 28. Rxf4 d3 29. g4 d2 0-1